00359nam a2200121Ia 4500008004100000041000800041082001300049100002000062245005300082260004200135300001900177520004100196240719s9999 xx 000 0 und d aeng a 823 BAN aBANKER, ASHOK K aVengeance Of Ravana : Book Seven Of The Ramayana aNew DelhibPenguin Random Housec2011 a320;. P. 22 Cm aGifted By : IMT Faculty Dr.Pawan sir